[Event "GER-ch23 V03 (Women) email"]
[Site "GER email"]
[Date "2011.05.21"]
[Round "?"]
[White "Lindemann, Antje"]
[Black "Schweer, Victoria"]
[Result "1/2-1/2"]
[WhiteElo "1985"]
[BlackElo "2148"]
[PlyCount "61"]
[EventDate "2011.05.30"]
[EventType "tourn (corr)"]
[EventRounds "5"]
[EventCountry "GER"]
[SourceTitle "Corr 2015"]
[Source "ChessBase"]
[SourceDate "2015.07.17"]
[SourceVersion "1"]
[SourceVersionDate "2015.07.17"]
[SourceQuality "1"]

1. e4 c5 2. Nf3 d6 3. d4 cxd4 4. Nxd4 Nf6 5. Nc3 a6 6. Be3 e5 7. Nb3 Be6 8. Be2 Be7 9. 0-0 0-0 10. Qd3 Nc6 11. a3 Rc8 12. Nd5 Bxd5 13. exd5 e4 14. Qd1 Ne5 15. c3 Qd7 16. h3 Rfe8 17. Qd4 Qf5 18. Rfd1 Ng6 19. Qd2 h5 20. Kh1 Nh4 21. Na5 Rc7 22. Bf1 Nd7 23. c4 Qg6 24. b4 Nf5 25. Bf4 Nf6 26. Qc2 h4 27. Be2 Bd8 28. Rac1 Rd7 29. Nb3 Bb6 30. c5 Ba7 31. Qa2 1/2-1/2

[Event "GER-ch23 V03 (Women) email"]
[Site "GER email"]
[Date "2011.05.21"]
[Round "?"]
[White "Schludecker, Elke"]
[Black "Schweer, Victoria"]
[Result "1/2-1/2"]
[WhiteElo "1912"]
[BlackElo "2148"]
[PlyCount "63"]
[EventDate "2011.05.30"]
[EventType "tourn (corr)"]
[EventRounds "5"]
[EventCountry "GER"]
[SourceTitle "Corr 2015"]
[Source "ChessBase"]
[SourceDate "2015.07.17"]
[SourceVersion "1"]
[SourceVersionDate "2015.07.17"]
[SourceQuality "1"]

1. d4 Nf6 2. c4 e6 3. Nf3 b6 4. a3 Ba6 5. Qc2 Bb7 6. Nc3 c5 7. e4 cxd4 8. Nxd4 Bc5 9. Nb3 Nc6 10. Bg5 h6 11. Bh4 Nd4 12. Nxd4 Bxd4 13. Bd3 Qb8 14. Bg3 Be5 15. 0-0-0 0-0 16. Kb1 a6 17. Rhe1 b5 18. cxb5 axb5 19. Qb3 Bc6 20. Qb4 Bxg3 21. hxg3 Qb6 22. Rd2 Rfb8 23. f3 Ne8 24. Red1 Nc7 25. Na2 Na6 26. Qd6 Qa5 27. g4 Rb6 28. g5 Bd5 29. Qxd7 Nc5 30. Qc7 b4 31. Nxb4 Ba2+ 32. Kc2 1/2-1/2

[Event "GER-ch43 Juniors email"]
[Site "GER email"]
[Date "2011.02.14"]
[Round "?"]
[White "Schweer, Victoria"]
[Black "Hobert, Markus"]
[Result "1-0"]
[WhiteElo "2134"]
[BlackElo "2032"]
[PlyCount "97"]
[EventDate "2011.02.21"]
[EventType "tourn (corr)"]
[EventRounds "9"]
[EventCountry "GER"]
[SourceTitle "Corr 2015"]
[Source "ChessBase"]
[SourceDate "2015.07.17"]
[SourceVersion "1"]
[SourceVersionDate "2015.07.17"]
[SourceQuality "1"]

1. e4 e5 2. Nf3 Nc6 3. Bb5 Nf6 4. d3 Bc5 5. 0-0 Nd4 6. Nxd4 Bxd4 7. c3 Bb6 8. d4 0-0 9. dxe5 Nxe4 10. a4 Re8 11. a5 Bxf2+ 12. Rxf2 Nxf2 13. Qd4 c6 14. Bf1 Nd1 15. Qxd1 Rxe5 16. b4 d5 17. Qd4 Qe7 18. Nd2 Bf5 19. c4 Be4 20. Bb2 f6 21. Qf2 Rf5 22. Qc5 Qxc5+ 23. bxc5 Re8 24. g3 a6 25. h4 dxc4 26. Re1 Rxf1+ 27. Nxf1 Kf7 28. Nd2 Bd3 29. Rxe8 Kxe8 30. Kf2 Kf7 31. Ke3 Ke6 32. Ne4 Kd5 33. Nc3+ Ke6 34. Na4 Kf5 35. Nb6 Ke6 36. Nc8 Kd5 37. Bd4 g5 38. Nd6 gxh4 39. Ne8 Ke6 40. gxh4 f5 41. Ng7+ Kf7 42. Kf4 Kg6 43. Ne6 Kf7 44. Nd8+ Ke7 45. Nxb7 Ke6 46. Nd6 Kd5 47. Bc3 Kxc5 48. Ne8 h6 49. Ke5 1-0

[Event "GER-ch22 final (Women) email"]
[Site "GER email"]
[Date "2010.10.05"]
[Round "?"]
[White "Schuster, Petra"]
[Black "Schweer, Victoria"]
[Result "0-1"]
[WhiteElo "1779"]
[BlackElo "2118"]
[PlyCount "96"]
[EventDate "2010.10.18"]
[EventType "tourn (corr)"]
[EventRounds "10"]
[EventCountry "GER"]
[SourceTitle "Corr 2015"]
[Source "ChessBase"]
[SourceDate "2015.07.17"]
[SourceVersion "1"]
[SourceVersionDate "2015.07.17"]
[SourceQuality "1"]
[WhiteTeam "Germany"]
[BlackTeam "Germany"]
[WhiteTeamCountry "GER"]
[BlackTeamCountry "GER"]

1. Nc3 Nf6 2. d4 d5 3. Bf4 Bf5 4. e3 e6 5. Bd3 c6 6. h3 Nbd7 7. Nf3 Bb4 8. 0-0 0-0 9. Ne2 Be7 10. a4 a5 11. Bxf5 exf5 12. c3 Ne4 13. Qb3 Qc8 14. Rad1 b5 15. axb5 Qb7 16. Ne5 cxb5 17. f3 a4 18. Qa2 Nef6 19. Ng3 g6 20. e4 dxe4 21. Nxd7 Qxd7 22. fxe4 fxe4 23. Bh6 Qd6 24. Bxf8 Rxf8 25. Rxf6 Qxf6 26. Nxe4 Qc6 27. d5 Qb6+ 28. Kh1 Rd8 29. Rf1 Qb7 30. Rd1 Bf8 31. Nf6+ Kh8 32. Ng4 Qe7 33. Qb1 h5 34. Nh2 b4 35. cxb4 Qxb4 36. Nf3 Rc8 37. Rf1 Qf4 38. Ng1 Qe5 39. Qa1 Ra8 40. Qa2 Bd6 41. Nf3 Qf4 42. Qa1 Kg8 43. Qc1 Rb8 44. Qxf4 Bxf4 45. Ne1 Bg3 46. Nd3 Rc8 47. Kg1 Rc2 48. Rf3 h4 0-1

[Event "GER-ch22 final (Women) email"]
[Site "GER email"]
[Date "2010.10.05"]
[Round "?"]
[White "Schweer, Victoria"]
[Black "Lindemann, Antje"]
[Result "1-0"]
[WhiteElo "2118"]
[BlackElo "1968"]
[PlyCount "81"]
[EventDate "2010.10.18"]
[EventType "tourn (corr)"]
[EventRounds "10"]
[EventCountry "GER"]
[SourceTitle "Corr 2015"]
[Source "ChessBase"]
[SourceDate "2015.07.17"]
[SourceVersion "1"]
[SourceVersionDate "2015.07.17"]
[SourceQuality "1"]
[WhiteTeam "Germany"]
[BlackTeam "Germany"]
[WhiteTeamCountry "GER"]
[BlackTeamCountry "GER"]

1. e4 e5 2. Nf3 Nc6 3. Bb5 a6 4. Bxc6 dxc6 5. 0-0 f6 6. d4 Bg4 7. c3 exd4 8. cxd4 Bxf3 9. Qxf3 Qd7 10. Rd1 0-0-0 11. Nc3 h5 12. Rb1 Bd6 13. b4 Qg4 14. Qd3 Ne7 15. a4 Qd7 16. Qc4 Kb8 17. Be3 Qe8 18. b5 a5 19. Rdc1 b6 20. bxc6 Qxc6 21. Qb3 Ka8 22. d5 Qb7 23. Nb5 Rhe8 24. Nxd6 Rxd6 25. Bf4 Rd7 26. Qg3 h4 27. Qxg7 f5 28. Qf7 Red8 29. Bg5 Nxd5 30. Qxf5 Ne7 31. Qg4 c5 32. Qxh4 Ka7 33. f3 Qc7 34. e5 Rd4 35. Qh7 Re8 36. Qf7 Qd8 37. h4 Ka6 38. h5 Rxa4 39. h6 Rb4 40. Rd1 Rxb1 41. Rxb1 1-0

[Event "GER-ch42 Juniors email"]
[Site "GER email"]
[Date "2010.01.08"]
[Round "?"]
[White "Schweer, Victoria"]
[Black "Figura, Atila Gajo"]
[Result "1-0"]
[WhiteElo "2057"]
[BlackElo "2072"]
[PlyCount "89"]
[EventDate "2010.01.15"]
[EventType "tourn (corr)"]
[EventRounds "12"]
[EventCountry "GER"]
[SourceTitle "Corr 2015"]
[Source "ChessBase"]
[SourceDate "2015.07.17"]
[SourceVersion "1"]
[SourceVersionDate "2015.07.17"]
[SourceQuality "1"]

1. e4 e5 2. Nf3 Nc6 3. Bb5 a6 4. Bxc6 dxc6 5. 0-0 Qd6 6. Na3 b5 7. c3 c5 8. Nc2 Bb7 9. Re1 Be7 10. d4 cxd4 11. cxd4 exd4 12. Ncxd4 c5 13. Nf5 Qxd1 14. Rxd1 Bxe4 15. Nxg7+ Kf8 16. Nh5 Bg6 17. Nf4 Kg7 18. Nd5 Bf6 19. Nxf6 Nxf6 20. Be3 c4 21. Bd4 Rhd8 22. Bc3 Rd3 23. Ne1 Rxc3 24. bxc3 Ne4 25. Rac1 Re8 26. f3 Nc5 27. Rd5 Nd3 28. Nxd3 cxd3 29. Rd1 Re2 30. a4 bxa4 31. Ra1 Rc2 32. Rxa4 Rxc3 33. Rxa6 Rc1+ 34. Kf2 Rc2+ 35. Kg3 Re2 36. Rad6 Kf8 37. h4 h5 38. Rg5 Ke7 39. Rd4 Kf6 40. Kf4 Rf2 41. g3 Rh2 42. Rd6+ Ke7 43. Rgd5 Rf2 44. Rd7+ Kf8 45. Rxd3 1-0

[Event "GER-ch42 Juniors email"]
[Site "GER email"]
[Date "2010.01.08"]
[Round "?"]
[White "Schweer, Victoria"]
[Black "Hansch, Karsten"]
[Result "1-0"]
[WhiteElo "2057"]
[BlackElo "2118"]
[PlyCount "53"]
[EventDate "2010.01.15"]
[EventType "tourn (corr)"]
[EventRounds "12"]
[EventCountry "GER"]
[SourceTitle "Corr 2015"]
[Source "ChessBase"]
[SourceDate "2015.07.17"]
[SourceVersion "1"]
[SourceVersionDate "2015.07.17"]
[SourceQuality "1"]

1. e4 c5 2. Nc3 a6 3. Nf3 d6 4. d4 cxd4 5. Nxd4 Nf6 6. Bg5 e6 7. f4 Be7 8. Qf3 Qc7 9. 0-0-0 Nbd7 10. g4 b5 11. Bxf6 Nxf6 12. g5 Nd7 13. f5 Bxg5+ 14. Kb1 0-0 15. fxe6 Nb6 16. Nd5 Nxd5 17. exd5 fxe6 18. Qg4 e5 19. Qxg5 exd4 20. Bd3 g6 21. Rhf1 Bb7 22. Rfe1 Rf7 23. h4 Qd8 24. Qg2 Qxh4 25. Bxg6 hxg6 26. Qxg6+ Kf8 27. Qxd6+ 1-0

[Event "GER-ch22 V/3 (Women) email"]
[Site "GER email"]
[Date "2009.03.29"]
[Round "?"]
[White "Schwenger, Muervet"]
[Black "Schweer, Victoria"]
[Result "0-1"]
[WhiteElo "1991"]
[BlackElo "2070"]
[PlyCount "68"]
[EventDate "2009.03.30"]
[EventType "tourn (corr)"]
[EventRounds "6"]
[EventCountry "GER"]
[SourceTitle "Corr 2013"]
[Source "ChessBase"]
[SourceDate "2012.11.12"]
[SourceVersion "1"]
[SourceVersionDate "2012.11.12"]
[SourceQuality "1"]

1. e4 e5 2. Nc3 Nf6 3. g3 Bc5 4. Bg2 Nc6 5. Nge2 d6 6. d3 Ng4 7. 0-0 h5 8. h4 a6 9. Nd5 Ba7 10. a4 Be6 11. Qe1 Qd7 12. Kh1 Ne7 13. Nxe7 Qxe7 14. Nc3 f6 15. f3 Nh6 16. a5 g5 17. Nd5 Bxd5 18. exd5 0-0-0 19. Bh3+ Kb8 20. b4 g4 21. fxg4 Nxg4 22. b5 axb5 23. Bxg4 hxg4 24. Rb1 f5 25. Rxb5 Qd7 26. Rb1 Bc5 27. a6 b6 28. Bg5 Rdg8 29. Qd2 Rh5 30. c3 Rgxg5 31. d4 Ba3 32. Ra1 f4 33. Rxa3 Ka7 34. c4 fxg3 0-1

[Event "GER-chT WK U18 4th"]
[Site "Kiel"]
[Date "2008.05.31"]
[Round "3.3"]
[White "Schweer, Victoria"]
[Black "Klemm, Lisa Marie"]
[Result "1-0"]
[WhiteElo "897"]
[BlackElo "993"]
[PlyCount "129"]
[EventDate "2008.05.31"]
[EventType "team-swiss"]
[EventRounds "7"]
[EventCountry "GER"]
[SourceTitle "EXT 2010"]
[Source "ChessBase"]
[SourceDate "2010.11.25"]
[SourceVersion "1"]
[SourceVersionDate "2010.11.25"]
[SourceQuality "1"]

1. e4 e5 2. Nf3 Nc6 3. d4 exd4 4. Bc4 Bc5 5. Ng5 d5 6. Bxd5 Be6 7. Bxe6 fxe6 8. Nxe6 Qe7 9. Nxc5 Qxc5 10. 0-0 0-0-0 11. Bf4 Nge7 12. Nd2 Ng6 13. Nb3 Qe7 14. Qg4+ Qd7 15. Qxd7+ Rxd7 16. Bg5 h6 17. Bd2 Re8 18. Rfe1 Rde7 19. f3 Nh4 20. Na5 Ne5 21. Re2 Nf7 22. Rd1 Re6 23. Be1 g5 24. Bxh4 gxh4 25. Rxd4 Rg8 26. f4 Reg6 27. Rf2 h3 28. g3 h5 29. Kf1 h4 30. gxh4 Rg2 31. Rd3 Rg1+ 32. Ke2 R8g2 33. Rxh3 Nd6 34. Rxg2 Rxg2+ 35. Kf1 Rxc2 36. e5 Ne4 37. h5 Rf2+ 38. Ke1 Rxf4 39. Ke2 Ng5 40. Re3 Rh4 41. e6 Re4 42. Rxe4 Nxe4 43. Kf3 Ng5+ 44. Kg4 Nxe6 45. h6 Nf8 46. h4 Nh7 47. Kf5 Kd7 48. Kg6 Nf8+ 49. Kf7 Nh7 50. Nxb7 Kc6 51. Kg7 Kxb7 52. Kxh7 c5 53. Kg7 a5 54. h7 Kc6 55. h8Q Kd5 56. Qa8+ Ke5 57. Qxa5 Ke4 58. Qxc5 Kf4 59. h5 Ke4 60. h6 Kf4 61. h7 Ke4 62. h8R Kf4 63. Rh4+ Kf3 64. Qc3+ Ke2 65. Rh2+ 1-0

[Event "GER-chT WK U18 4th"]
[Site "Kiel"]
[Date "2008.05.31"]
[Round "1.3"]
[White "Schweer, Victoria"]
[Black "Spilke, Paul"]
[Result "0-1"]
[WhiteElo "897"]
[BlackElo "1216"]
[PlyCount "20"]
[EventDate "2008.05.31"]
[EventType "team-swiss"]
[EventRounds "7"]
[EventCountry "GER"]
[SourceTitle "EXT 2010"]
[Source "ChessBase"]
[SourceDate "2010.11.25"]
[SourceVersion "1"]
[SourceVersionDate "2010.11.25"]
[SourceQuality "1"]

1. e4 e6 2. d4 d5 3. e5 c5 4. Nf3 Nc6 5. Bb5 Qb6 6. Bxc6+ bxc6 7. dxc5 Bxc5 8. Rf1 Ba6 9. Rh1 Bxf2+ 10. Kd2 Qe3# 0-1

[Event "GER-ch41 Juniors email"]
[Site "GER email"]
[Date "2008.02.22"]
[Round "?"]
[White "Hansch, Karsten"]
[Black "Schweer, Victoria"]
[Result "0-1"]
[WhiteElo "2118"]
[BlackElo "2313"]
[PlyCount "96"]
[EventDate "2008.??.??"]
[EventType "tourn (corr)"]
[EventRounds "6"]
[EventCountry "GER"]
[SourceTitle "Corr 2011"]
[Source "ChessBase"]
[SourceDate "2010.08.31"]
[SourceVersion "1"]
[SourceVersionDate "2010.08.31"]
[SourceQuality "1"]

1. d4 Nf6 2. c4 e6 3. Nf3 b6 4. e3 Bb7 5. Bd3 d5 6. 0-0 dxc4 7. Bxc4 a6 8. Qe2 c5 9. Rd1 Nbd7 10. Nc3 b5 11. Bb3 Qb8 12. h3 Be7 13. dxc5 Nxc5 14. Bc2 0-0 15. a3 Nce4 16. Nxe4 Nxe4 17. Bd2 Nxd2 18. Rxd2 Rd8 19. Rxd8+ Qxd8 20. Rd1 Qc7 21. Nd4 Bf6 22. Rc1 g6 23. Rd1 Rd8 24. Bb3 Rd6 25. Rd2 Qc5 26. Qd1 Qg5 27. g3 Qc5 28. Ba2 Qc8 29. Rc2 Qd7 30. Rd2 e5 31. Nf3 Rxd2 32. Qxd2 Qxh3 33. Bd5 Qd7 34. Bxb7 Qxb7 35. Nh2 h5 36. Qd6 Kg7 37. Nf1 Be7 38. Qd3 e4 39. Qc2 Qd5 40. Nd2 Qd3 41. Qxd3 exd3 42. Kf1 g5 43. Ne4 f5 44. Nc3 h4 45. gxh4 gxh4 46. Kg2 Kf6 47. Nd1 Ke6 48. Kh3 Kd5 0-1